Logo BPK

Bibliografia Prac Pracowników

Politechniki Koszalińskiej

Bogdan Dopierała, "Polskie losy Pomorza Zachodniego" / (Rekord nr 7001)

Szczegóły MARC
000 -ETYKIETA REKORDU
podpole kontrolne o stałej długości 00831nab a2200217 i 4500
001 - NUMER KONTROLNY REKORDU
podpole kontrolne 7001
003 - IDENTYFIKATOR NUMERU KONTROLNEGO REKORDU
podpole kontrolne KOSZ 005
005 - DATA OSTATNIEJ MODYFIKACJI REKORDU
podpole kontrolne 20180417101138.0
008 - POLE O STAŁEJ DŁUGOŚCI - DANE KONTROLNE
podpole kontrolne o stałej długości 160114s1971 pl | | |000 ||pol
040 ## - ŹRÓDŁO KATALOGOWANIA
Instytucja, która utworzyła rekord KOSZ 005
Instytucja, która sporządziła opis KOSZ 005/MD
080 ## - UNIWERSALNA KLASYFIKACJA DZIESIĘTNA - UKD
UKD 94(438)
100 ## - NAZWA OSOBOWA
Nazwa osobowa CZARNIK, Andrzej.
Lata pracy 1969 - 1971.
Instytucja Wyższa Szkoła Inżynierska w Koszalinie - Zespół Nauk Społeczno-Politycznych
245 ## - TYTUŁ/ODPOWIEDZIALNOŚĆ
Tytuł Bogdan Dopierała, "Polskie losy Pomorza Zachodniego" /
Pozostałe elementy strefy tytułu i oznaczenia odpowiedzialności Andrzej Czarnik.
500 ## - UWAGI OGÓLNE
Tekst uwagi Dane z autopsji.
520 ## - UWAGA DOTYCZĄCA TREŚCI DOKUMENTU
Analiza dokumentacyjna, adnotacja itp. Recenzja książki wydanej w Poznaniu w 1970 roku "Polskie losy Pomorza Zachodniego" autorstwa Bogdana Dopierały.
650 #0 - HASŁO PRZEDMIOTOWE W FORMIE NAZWY OGÓLNEJ LUB JEDNOSTKOWEJ
Nazwa ogólna lub geograficzna Pomorze Zachodnie.
650 ## - HASŁO PRZEDMIOTOWE W FORMIE NAZWY OGÓLNEJ LUB JEDNOSTKOWEJ
Nazwa ogólna lub geograficzna Polacy - ludność.
655 #0 - TERMIN INDEKSOWY - OKREŚLENIE RODZAJU/FORMY DOKUMENTU
Określnie rodzaju/formy dokumentu Recenzja
773 0# - TYTUŁ DOKUMENTU MACIERZYSTEGO
Wyrażenie wprowadzające W :
Tytuł Rocznik Koszaliński. -
Informacje dotyczące relacji 1971, nr 7, s. 215-218
942 ## - HASŁO DODATKOWE - ELEMENTY(KOHA)
Typ dokumentu Recenzja
Schemat klasyfikacji Uniwersalna klasyfikacja dziesiętna
Egzemplarze
Wycofany Zagubiony Uszkodzony Dostępność Lokalizacja stała Lokalizacja bieżąca Sygnatura Typ dokumentu
      Dostępny Bibliografia Prac Pracowników - BPK Bibliografia Prac Pracowników - BPK 0857 Recenzja
© 2014 Biblioteka Politechniki Koszalińskiej :: BIBLIOGRAFIA PRAC PRACOWNIKÓW